Top 100 Most-Guessed Countries on JetPunk - Whammies - Statistics

General Stats
  • This quiz has been taken 98 times
  • The average score is 46 of 100
Answer Stats
% Country % Correct
95 Canada
93%
96 United States
91%
93 France
88%
93 Mexico
88%
93 United Kingdom
88%
91 Germany
86%
94 Russia
86%
93 China
84%
91 Italy
84%
91 Spain
84%
92 Australia
79%
85 Portugal
79%
90 Japan
78%
86 Ireland
76%
92 Brazil
74%
84 South Korea
74%
90 India
72%
86 Argentina
71%
84 Chile
69%
80 New Zealand
69%
85 Sweden
69%
85 Egypt
67%
75 Netherlands
67%
84 South Africa
67%
81 Greece
66%
83 Norway
66%
73 Belgium
64%
73 Colombia
64%
79 Iran
64%
81 Poland
64%
82 Turkey
64%
77 Ukraine
64%
72 Indonesia
62%
72 Saudi Arabia
62%
76 Switzerland
60%
70 Thailand
60%
75 Cuba
59%
82 Finland
59%
75 Peru
59%
73 Austria
57%
75 Pakistan
57%
65 Romania
57%
80 Denmark
55%
77 Iraq
55%
56 Malaysia
53%
83 North Korea
53%
64 Venezuela
53%
86 Iceland
50%
68 Israel
47%
64 Philippines
47%
55 Bulgaria
45%
64 Hungary
45%
71 Morocco
45%
74 Niger
45%
69 Vietnam
45%
69 Afghanistan
41%
62 Algeria
41%
64 Nigeria
41%
59 United Arab Emirates
40%
57 Ecuador
38%
58 Syria
38%
64 Bolivia
36%
61 Czech Republic
36%
57 Jamaica
33%
66 Uruguay
33%
63 Croatia
31%
55 Serbia
31%
56 Ethiopia
28%
74 Mongolia
28%
62 Paraguay
28%
60 Slovakia
26%
61 Nepal
24%
64 Panama
24%
63 Sudan
24%
53 Bangladesh
22%
65 Democratic Republic of the Congo
22%
56 Kenya
22%
58 Belarus
21%
67 Kazakhstan
21%
54 Slovenia
21%
58 Albania
19%
60 Estonia
19%
56 Haiti
19%
52 Bosnia and Herzegovina
17%
58 Libya
17%
57 Oman
16%
60 Yemen
16%
57 Chad
14%
59 Latvia
14%
54 Luxembourg
14%
55 Dominica
12%
54 Jordan
12%
58 Lithuania
12%
57 Somalia
12%
56 Sri Lanka
12%
53 Cambodia
9%
76 Madagascar
9%
55 Papua New Guinea
9%
62 Republic of the Congo
9%
54 Laos
7%
No matching quizzes found
Score Distribution
Percent of People with Each Score
Percentile by Number Answered
Your Score History
You have not taken this quiz